us. (feat taylor swift) by gracie abrams lyrics - Statistics

General Stats
  • This quiz has been taken 311 times
  • The average score is 271 of 331
Answer Stats
Answer % Correct
I
100%
you
100%
You
100%
you,
100%
(you)
100%
the
99%
The
99%
a
98%
us,
97%
us?
97%
us
97%
Us
97%
(us),
97%
(us)
97%
Us,
97%
Do
96%
do
96%
an
95%
It
95%
it,
95%
it
95%
it)
95%
And
93%
and
93%
we're
93%
were
93%
know
92%
so
92%
So
92%
in
91%
miss
91%
of
91%
of,
91%
up
91%
like
90%
on
89%
felt
88%
if
88%
talkin'
88%
was
88%
was,
88%
me
87%
(me)
87%
your
87%
be
84%
just
84%
night,
84%
what
83%
"What
83%
You're
83%
see
82%
somethin'
82%
end
81%
how
81%
mine?
80%
mine
80%
secret
80%
always
79%
clear,
79%
held
78%
false
77%
history's
77%
my
76%
old
76%
hell
75%
That
75%
ashes
74%
never
74%
prophets
74%
you'll
74%
(You'll
74%
doin'?"
73%
from
73%
poetry
73%
joke
72%
read
72%
ruins
72%
when
72%
could've
71%
miracle,
71%
now
71%
regret
71%
Babylon
70%
fuck,
70%
learned
70%
lovers
70%
or
70%
profits
70%
curse
69%
ends
69%
her
69%
nightstand,
69%
shame,
69%
They
69%
Bly
68%
hangin'
68%
sonnets
68%
through
68%
years
68%
flame
67%
gave
67%
ironic
67%
line
67%
margins
67%
smoke
67%
can
66%
months
66%
Robert
66%
show,
66%
show
66%
Wonder
66%
don't
65%
ten
65%
twenty-nine
65%
oracle
64%
someone
64%
fate
63%
fate,
63%
give
63%
I've
63%
ghost
62%
past
62%
chemical
61%
missed
60%
play
60%
known
59%
make
59%
plus
59%
(plus)
59%
seemed
59%
vine
59%
watchin'
59%
calls
58%
gifts
58%
becomes
57%
cold
57%
flames
57%
incomparable,
55%
for
53%
She'll
52%
holy,
51%
open
51%
souls
50%
bleedin',
48%
mind
47%
home?
45%
lifetimes
43%
way
43%
hearse
42%
strangers
40%
well,
39%
sometimes,
38%
Mistaken
37%
pain
37%
best
34%
reign
34%
kind,
33%
outline,
33%
(Ooh)
23%
No matching quizzes found
Score Distribution
Percent of People with Each Score
Percentile by Number Answered
Your Score History
You have not taken this quiz